000
002400000a22000970004500
100
1
_a
Camps, Arnulf
245
1
0
_a
My pilgrimage in mission
300
_a
Vol. 20, Núm 1 (1996), Páginas 33-36
773
0
_t
International Bulletin
942
_c
ANA
999
_c
57421
_d
57421